000 00619nam a2200217Ia 4500
001 12932
003 GE_BSU
008 181216s||||||||xx |||||||||||||| ||und||
040 _cGE_BSU
080 _a631.7
100 _aКореньков,Д.А.
245 _aАгрохимия азотных удобрении
245 _cРед.Е.И.Шилова. Худ.Т.К.Самигулин
260 _aМосква
260 _bНаука
260 _c1976
300 _a209стр.27см.
300 _cБиблиогр.с.208-222
653 _aАгрохимия азотных удобрении
942 _cBK
999 _c46101
_d46101